<?xml version="1.0" encoding="UTF-8"?><?xml-stylesheet type="text/xsl" href="static/style.xsl"?><OAI-PMH xmlns="http://www.openarchives.org/OAI/2.0/" xmlns:xsi="http://www.w3.org/2001/XMLSchema-instance" xsi:schemaLocation="http://www.openarchives.org/OAI/2.0/ http://www.openarchives.org/OAI/2.0/OAI-PMH.xsd"><responseDate>2026-04-28T19:46:36Z</responseDate><request verb="GetRecord" identifier="oai:uvadoc.uva.es:10324/84157" metadataPrefix="marc">https://uvadoc.uva.es/oai/request</request><GetRecord><record><header><identifier>oai:uvadoc.uva.es:10324/84157</identifier><datestamp>2026-04-17T19:02:31Z</datestamp><setSpec>com_10324_38</setSpec><setSpec>col_10324_852</setSpec></header><metadata><record xmlns="http://www.loc.gov/MARC21/slim" xmlns:doc="http://www.lyncode.com/xoai" xmlns:xsi="http://www.w3.org/2001/XMLSchema-instance" xmlns:dcterms="http://purl.org/dc/terms/" xsi:schemaLocation="http://www.loc.gov/MARC21/slim http://www.loc.gov/standards/marcxml/schema/MARC21slim.xsd">
<leader>00925njm 22002777a 4500</leader>
<datafield tag="042" ind1=" " ind2=" ">
<subfield code="a">dc</subfield>
</datafield>
<datafield tag="720" ind1=" " ind2=" ">
<subfield code="a">Martínez Pérez, Laura</subfield>
<subfield code="e">author</subfield>
</datafield>
<datafield tag="260" ind1=" " ind2=" ">
<subfield code="c">2026</subfield>
</datafield>
<datafield tag="520" ind1=" " ind2=" ">
<subfield code="a">La influencia del poder político y económico en la independencia de los medios es un fenómeno reciente en la historia de España, ya que se ha visto intensificado en la transición democrática y en la crisis financiera de 2008. En el contexto español, este suceso cobra especial importancia, pues se caracteriza por una alta concentración de propiedad mediática y por el uso de una publicidad institucional. Este trabajo de fin de grado tiene como objetivo analizar cómo estas relaciones de poder influyen en la&#xd;
diversidad informática y en el acceso a información de interés público. Para ello, esta investigación integra análisis documental de fuentes académicas, estudio de tres casos paradigmáticos y una encuesta original. Los resultados obtenidos demuestran una homogeneización temática por la concentración empresarial, una censura indirecta en el acceso a información pública y un papel de los medios alternativos como contrapeso.</subfield>
</datafield>
<datafield tag="024" ind2=" " ind1="8">
<subfield code="a">https://uvadoc.uva.es/handle/10324/84157</subfield>
</datafield>
<datafield tag="245" ind1="0" ind2="0">
<subfield code="a">¿Cómo influyen las relaciones de poder económico y político en la independencia de los medios de comunicación en España, y de qué manera esto afecta a la diversidad informativa y al acceso de información de interés público?</subfield>
</datafield>
</record></metadata></record></GetRecord></OAI-PMH>